000 01780nam a22004577a 4500
003 CHAP
005 20220627175751.0
008 070906s2007 mx r 00010 spa d
010 _a93974
011 _a94946
035 _a105548
040 _cCHAP
090 _aTesis
100 1 _aGalicia Martínez, Maribel Gabriela
_944259
245 1 0 _aAplicación de buenas prácticas de manejo (BPM) en empaque de melón Cantaloupe para exportación (Cucumis melo L.)
_c/por Maribel Gabriela Galicia Martínez
260 _aChapingo, Méx. :
_bEl autor,
_c2007
300 _a107 h.:
_bilus.; gráfs.; cuadros
502 _aTesis (Ing. Agroindustrial) -- UACH. Departamento de Ingenería Agroindustrial
530 _aTambién disponible en línea
590 _aALEPH
_b10
_c20130110
_lUCH01
_h1519
590 _aBATCH-UPD
_b10
_c20130110
_lUCH01
_h0652
590 _aBATCH-UPD
_b10
_c20130410
_lUCH01
_h0336
590 _aBATCH-UPD
_b10
_c20130410
_lUCH01
_h1648
590 _aBATCH-UPD
_b10
_c20130914
_lUCH01
_h0213
590 _aBATCH-UPD
_b10
_c20130914
_lUCH01
_h2149
590 _aBATCH-UPD
_b10
_c20140324
_lUCH01
_h1504
590 _aBATCH-UPD
_b10
_c20141002
_lUCH01
_h0834
590 _aCONVERSION
_b10
_c20130109
_lUCH01
_h1352
650 1 4 _aAlimentos
_xContaminación.
_94205
650 1 4 _aAlimentos
_xHigiene.
_94224
650 1 4 _aEmpresas agropecuarias.
_936649
650 1 4 _aFruta
_xEmpaque.
_943610
650 1 4 _aMelón
_xEmpaque.
_974448
650 1 4 _aMelón
_xExportación.
_974454
856 _3Finding aid
_uhttp://10.13.5.2/tesis/105548.pdf
_zTeclea aqui
901 _aBK
905 _aLuisgm
942 _cFOLL
949 _aTesis
_bBC
_cTES
_d33724002032660
_eTS1
_gDonaciØn
_h46962
_i105548
_sb
949 _aTesis
_bBC
_cTES
_d33724002032678
_eTS2
_fc.2
_gDonaciØn
_h46963
_i105548
_si
999 _c93974
_d93974